Oxidative Stress Mechanisms and their Modulation

Research over the years has demonstrated that free radicals mediated oxidative stress lies at the helm of almost all patho-physiological phenomena. These findings emphasize on the need to understand the underlying molecular mechanism(s) and their critical role in the pathogenesis. This book aims to...

Full description

Bibliographic Details
Main Authors: Bansal, Mohinder (Author), Kaushal, Naveen (Author)
Corporate Author: SpringerLink (Online service)
Format: Electronic eBook
Language:English
Published: New Delhi : Springer India : Imprint: Springer, 2014.
Subjects:
Online Access:Full Text via HEAL-Link
LEADER 04137nam a22005535i 4500
001 978-81-322-2032-9
003 DE-He213
005 20151204152711.0
007 cr nn 008mamaa
008 141017s2014 ii | s |||| 0|eng d
020 |a 9788132220329  |9 978-81-322-2032-9 
024 7 |a 10.1007/978-81-322-2032-9  |2 doi 
040 |d GrThAP 
050 4 |a QH573-671 
072 7 |a PSF  |2 bicssc 
072 7 |a SCI017000  |2 bisacsh 
072 7 |a SCI049000  |2 bisacsh 
082 0 4 |a 571.9453  |2 23 
100 1 |a Bansal, Mohinder.  |e author. 
245 1 0 |a Oxidative Stress Mechanisms and their Modulation  |h [electronic resource] /  |c by Mohinder Bansal, Naveen Kaushal. 
264 1 |a New Delhi :  |b Springer India :  |b Imprint: Springer,  |c 2014. 
300 |a XVIII, 167 p. 25 illus., 4 illus. in color.  |b online resource. 
336 |a text  |b txt  |2 rdacontent 
337 |a computer  |b c  |2 rdamedia 
338 |a online resource  |b cr  |2 rdacarrier 
347 |a text file  |b PDF  |2 rda 
505 0 |a 1. Introduction to Oxidative Stress -- 2. Oxidative Stress in Pathogenesis -- 3. Oxidative Stress in Metabolic Disorders/Diseases -- 4. Oxidative Stress and Carcinogenesis -- 5. Cell Signaling and Gene Regulation by Oxidative Stress -- 6. Managing Oxidative Stress/Targeting ROS -- 7. Selenium, a Potent Natural Antioxidant -- 8. Future Perspective. 
520 |a Research over the years has demonstrated that free radicals mediated oxidative stress lies at the helm of almost all patho-physiological phenomena. These findings emphasize on the need to understand the underlying molecular mechanism(s) and their critical role in the pathogenesis. This book aims to focus on these areas to provide readers a comprehensive outlook about the major redox sensitive pathways and networks involved in various disease conditions. In the first chapter of the book, basic information about the oxidative stress, its generation, its biomarkers and its role in body are discussed. In the next three chapters, the role of oxidative stress in various pathologies ranging from neurological disorders, to cardiovascular diseases, cancers, metabolic diseases and ageing have been described. Chapter 5 cumulatively describes the most important molecular signaling pathways that are affected by reactive oxygen species (ROS). These are the mechanisms which are common denominators in various pathological states. In the next part of the book, various antioxidant strategies to target and mitigate ROS have been discussed with details on the mechanisms. Selenium, being the research focus and interest of the authors for years, the role of selenium as an antioxidant as part of selenoproteins has been included in the book. Finally, the book culminates with authors’ perspective on the future of the redox biology field. Throughout the book, efforts have been made to use simplified language and suitable figures for ease to understand the contents. Although the authors have tried to touch on all the different aspects of oxidative stress in detail, the fact that it is a continuously growing field with updates coming every day, there might be some areas which might not be described in depth. This book is designed for students, young scientists to get acquainted with the redox biology. Overall, this book is a reference to understand the redox regulation of cellular signaling pathways involved in pathogenesis. 
650 0 |a Life sciences. 
650 0 |a Cancer research. 
650 0 |a Human genetics. 
650 0 |a Immunology. 
650 0 |a Apoptosis. 
650 0 |a Oxidative stress. 
650 0 |a Animal physiology. 
650 1 4 |a Life Sciences. 
650 2 4 |a Oxidative Stress. 
650 2 4 |a Apoptosis. 
650 2 4 |a Animal Physiology. 
650 2 4 |a Human Genetics. 
650 2 4 |a Immunology. 
650 2 4 |a Cancer Research. 
700 1 |a Kaushal, Naveen.  |e author. 
710 2 |a SpringerLink (Online service) 
773 0 |t Springer eBooks 
776 0 8 |i Printed edition:  |z 9788132220312 
856 4 0 |u http://dx.doi.org/10.1007/978-81-322-2032-9  |z Full Text via HEAL-Link 
912 |a ZDB-2-SBL 
950 |a Biomedical and Life Sciences (Springer-11642)